Treats just great recipes : eggs (Record no. 9846)

MARC details
000 -LEADER
fixed length control field 00506nam a22001817a 4500
003 - CONTROL NUMBER IDENTIFIER
control field OSt
005 - DATE AND TIME OF LATEST TRANSACTION
control field 20260424052548.0
008 - FIXED-LENGTH DATA ELEMENTS--GENERAL INFORMATION
fixed length control field 260424b |||||||| |||| 00| 0 eng d
020 ## - INTERNATIONAL STANDARD BOOK NUMBER
International Standard Book Number 978-88-6098-076-2
040 ## - CATALOGING SOURCE
Original cataloging agency DWCL-Main Lib
Transcribing agency OC
082 ## - DEWEY DECIMAL CLASSIFICATION NUMBER
Classification number Res. 641.675 T784 2009
110 ## - MAIN ENTRY--CORPORATE NAME
Corporate name or jurisdiction name as entry element MCRAE BOOKS
245 ## - TITLE STATEMENT
Title Treats just great recipes : eggs
300 ## - PHYSICAL DESCRIPTION
Extent 64 p. :
Other physical details coll. ill. ;
Dimensions 20 cm.
504 ## - BIBLIOGRAPHY, ETC. NOTE
Bibliography, etc. note Includes index.
650 ## - SUBJECT ADDED ENTRY--TOPICAL TERM
Topical term or geographic name entry element Cooking specific materials - Eggs.
942 ## - ADDED ENTRY ELEMENTS (KOHA)
Source of classification or shelving scheme Dewey Decimal Classification
Koha item type Book- Reserved
Call number suffix Res,
Suppress in OPAC No
952 ## - LOCATION AND ITEM INFORMATION (KOHA)
--
Holdings
Withdrawn status Lost status Source of classification or shelving scheme Damaged status Not for loan Home library Current library Shelving location Date acquired Source of acquisition Total Checkouts Full call number Barcode Date last seen Copy number Price effective from Koha item type Uniform Resource Identifier
    Dewey Decimal Classification     Junior High School Library Junior High School Library Reserved 11/20/2009 Library fund   Res. 641.675 T784 2009 JHS - 15406 04/24/2026 c1 04/24/2026 BK-0 CIRC